000 00568nam a22002057a 4500
005 20150804110154.0
010 _aENG-113132
020 _a9788170493204
_c695.00
035 _aEN-96664
037 _bDBAD/PUB
082 _a363.2092
100 _aDatta, S.K.
245 _aCBI top cop recalls /
_cby S.K. Datta
250 _a.
260 _aNew Delhi
_bManas Publications
_c2011
270 _a4402/5-A, Ansari Road, Darya Ganj,
_bNew Delhi
_e110002
300 _a268p.
_c23cm(Hb)
500 _aIncludes index
942 _2ddc
_cEN
_mDAT
_h363.2092
999 _c93790
_d93790